[Event "Winter Deaflympics 2023 Chess Tournamen"]
[Site "Erzurum"]
[Date "2024.03.07"]
[Round "1.1"]
[White "Baklanova, Tatiana"]
[Black "Nuserova, Almash"]
[Result "1-0"]
[WhiteElo "2053"]
[BlackElo "1550"]
[PlyCount "81"]
[EventDate "2024.??.??"]

1. d4 Nf6 2. c4 g6 3. Nc3 Bg7 4. e4 d6 5. f3 O-O 6. Bg5 c6 7. Qd2 e5 8. Nge2
Nbd7 9. d5 Qc7 10. Bh6 a5 11. g4 Nc5 12. Ng3 Ne8 13. Rg1 f6 14. h4 Bxh6 15.
Qxh6 Qg7 16. Qd2 Kh8 17. Rg2 Bd7 18. O-O-O Qf7 19. Be2 Rg8 20. Rh1 Qf8 21. Bd1
b5 22. dxc6 b4 23. cxd7 bxc3 24. Qxc3 Nxd7 25. h5 Qh6+ 26. Kb1 Nc7 27. hxg6
Qxg6 28. Nf5 Qg5 29. Rgh2 Nf8 30. Nxd6 Rg7 31. Rh5 Qf4 32. Rf5 Qg3 33. Rxf6
Nce6 34. Nf7+ Kg8 35. Nh6+ Kh8 36. Nf5 Qg2 37. Rfh6 Rf7 38. R6h2 Qxh2 39. Rxh2
Rd8 40. Qxe5+ Kg8 41. Nh6# 1-0

[Event "Winter Deaflympics 2023 Chess Tournamen"]
[Site "Erzurum"]
[Date "2024.03.07"]
[Round "1.1"]
[White "Zhukovskaya, Nina"]
[Black "Myronenko, Natalya"]
[Result "0-1"]
[WhiteElo "1674"]
[BlackElo "1900"]
[PlyCount "55"]
[EventDate "2024.??.??"]

1. c4 Nf6 2. Nc3 d6 3. Nf3 e5 4. g3 Be7 5. d3 c6 6. e4 Nbd7 7. Bg2 O-O 8. O-O
a5 9. a3 Nc5 10. Be3 Ne6 11. h3 Nd7 12. d4 f5 13. exf5 Rxf5 14. dxe5 dxe5 15.
Rb1 Qf8 16. Nh2 Rf7 17. Ne4 Ndc5 18. Ng4 Nxe4 19. Bxe4 Nc5 20. Bg2 e4 21. Bxc5
Bxc5 22. Ne3 Be6 23. Qc2 Re8 24. g4 h5 25. Bxe4 hxg4 26. Nxg4 Bxg4 27. Bh7+ Kh8
28. hxg4 0-1

[Event "Winter Deaflympics 2023 Chess Tournamen"]
[Site "Erzurum"]
[Date "2024.03.07"]
[Round "1.2"]
[White "Parhomenko, Margarita"]
[Black "Malika, Handa"]
[Result "1-0"]
[WhiteElo "1970"]
[BlackElo "1607"]
[PlyCount "37"]
[EventDate "2024.??.??"]

1. d4 e6 2. Bf4 c5 3. c3 Nf6 4. e3 cxd4 5. exd4 Nc6 6. Nf3 a6 7. a4 d5 8. Bd3
Bd6 9. Bg3 Bxg3 10. hxg3 Qc7 11. Qe2 Bd7 12. Nbd2 h6 13. Ne5 Rf8 14. O-O Ke7
15. f4 Rac8 16. Nb3 Nxe5 17. fxe5 Ng8 18. Nc5 f6 19. Qg4 1-0

[Event "Winter Deaflympics 2023 Chess Tournamen"]
[Site "Erzurum"]
[Date "2024.03.07"]
[Round "1.3"]
[White "Lyanguzova, Alina"]
[Black "Muratova, Aliya"]
[Result "1/2-1/2"]
[WhiteElo "1775"]
[BlackElo "1404"]
[PlyCount "63"]
[EventDate "2024.??.??"]

1. d4 d5 2. c4 e6 3. Nc3 Nf6 4. cxd5 exd5 5. Bg5 c6 6. e3 Bb4 7. Bd3 Nbd7 8.
Nf3 Qa5 9. Qb3 Bxc3+ 10. bxc3 a6 11. O-O c5 12. dxc5 Nxc5 13. Qc2 Nxd3 14. Qxd3
Ne4 15. Bf4 Nxc3 16. Be5 Ne4 17. Bxg7 Rg8 18. Be5 Bh3 19. Bg3 Bf5 20. Qd4 f6
21. Rfc1 Rc8 22. Rxc8+ Bxc8 23. Rc1 Bg4 24. Qb2 b5 25. Nd4 Bd7 26. Bc7 Qa4 27.
f3 Bh3 28. Rc2 Nc5 29. Bg3 Nd3 30. Qc3 Nb4 31. gxh3 Nxc2 32. Qxc2 1/2-1/2

[Event "Winter Deaflympics 2023 Chess Tournamen"]
[Site "Erzurum"]
[Date "2024.03.07"]
[Round "1"]
[White "Klaric, Zlatko"]
[Black "Rozhkov, Maxim"]
[Result "1-0"]
[WhiteElo "2340"]
[BlackElo "1738"]
[PlyCount "65"]
[EventDate "2024.??.??"]

1. d4 d5 2. Bf4 Nf6 3. e3 c6 4. Bd3 e6 5. Nf3 Bd6 6. Bg3 O-O 7. Nbd2 h6 8. Ne5
c5 9. c3 b6 10. f4 Ba6 11. Bxa6 Nxa6 12. Bh4 Nb8 13. g4 Be7 14. Rg1 Nfd7 15.
Bxe7 Qxe7 16. g5 Nxe5 17. dxe5 g6 18. gxh6 Qh4+ 19. Rg3 Nd7 20. Qe2 Rfd8 21.
O-O-O Nf8 22. Nf3 Qe7 23. h4 Kh8 24. h5 Rac8 25. Qh2 b5 26. Nh4 d4 27. Nxg6+
fxg6 28. hxg6 Nxg6 29. Rxg6 Qf7 30. Rg7 Qf5 31. Qh4 Qe4 32. Qf6 Qf5 33. Rg8+
1-0

[Event "Winter Deaflympics 2023 Chess Tournamen"]
[Site "Erzurum"]
[Date "2024.03.07"]
[Round "1"]
[White "Kettebekov, Samazhan"]
[Black "Cechi, Goran"]
[Result "1-0"]
[WhiteElo "1860"]
[BlackElo "1977"]
[PlyCount "75"]
[EventDate "2024.??.??"]

1. d4 Nf6 2. c4 g6 3. Nc3 d5 4. cxd5 Nxd5 5. e4 Nxc3 6. bxc3 Bg7 7. Nf3 c5 8.
Rb1 O-O 9. Be2 cxd4 10. cxd4 Qa5+ 11. Bd2 Qxa2 12. Qc1 Qe6 13. e5 Qc6 14. Qa3
Qe4 15. Rb2 Nc6 16. Be3 h6 17. O-O Qd5 18. Rb5 Qd8 19. Rc1 e6 20. Rbb1 a6 21.
Bd3 Re8 22. Be4 Qc7 23. Qb2 Bf8 24. h4 Rd8 25. Qd2 Qa5 26. Qd3 Ne7 27. Bd2 Qa4
28. h5 Kh7 29. hxg6+ fxg6 30. Rc7 Rd7 31. Rc4 Qa2 32. Bc3 b5 33. Rcb4 Bb7 34.
Ra1 Bxe4 35. Ng5+ Kg8 36. Nxe4 Kg7 37. Ng5 Qd5 38. Ne4 1-0

[Event "Winter Deaflympics 2023 Chess Tournamen"]
[Site "Erzurum"]
[Date "2024.03.07"]
[Round "1"]
[White "Kozhakhmetov, Sultan"]
[Black "Vujcic, Toni"]
[Result "0-1"]
[WhiteElo "1843"]
[BlackElo "2123"]
[PlyCount "45"]
[EventDate "2024.??.??"]

1. d4 d5 2. c4 e6 3. Nc3 Nf6 4. cxd5 exd5 5. Bg5 Be7 6. e3 O-O 7. Qc2 Be6 8.
Bd3 h6 9. Bh4 c5 10. Nge2 Nc6 11. a3 cxd4 12. exd4 Qb6 13. Rd1 Rac8 14. O-O Kh8
15. Bf5 Bxf5 16. Qxf5 Qxb2 17. Rd3 Ne4 18. Nxd5 Nd6 19. Qf4 Bxh4 20. Rd2 Qb3
21. Qxh4 Qxd5 22. Nf4 Qg5 23. Rd3 0-1

[Event "Winter Deaflympics 2023 Chess Tournamen"]
[Site "Erzurum"]
[Date "2024.03.07"]
[Round "1"]
[White "Varvaglione, Antonio"]
[Black "Piekielny, Pawel"]
[Result "1/2-1/2"]
[WhiteElo "2065"]
[BlackElo "2255"]
[PlyCount "67"]
[EventDate "2024.??.??"]

1. e4 e6 2. d3 d5 3. Qe2 Nf6 4. Nf3 Be7 5. g3 c5 6. Bg2 O-O 7. e5 Nfd7 8. c4
Nc6 9. O-O d4 10. h4 Rb8 11. Bf4 Qc7 12. Nbd2 b5 13. b3 a5 14. h5 h6 15. Rae1
bxc4 16. dxc4 a4 17. Nh2 Rd8 18. Ng4 Bf8 19. Be4 axb3 20. axb3 Bb7 21. Bb1 Nb4
22. Ne4 d3 23. Qd2 Bxe4 24. Rxe4 Kh7 25. Re3 Ra8 26. Rxd3 Kh8 27. Rd6 Ra1 28.
Rd1 Bxd6 29. exd6 Qb7 30. Bxh6 Rxb1 31. Bxg7+ Kxg7 32. Qg5+ Kh7 33. Qh6+ Kg8
34. Qg5+ 1/2-1/2

[Event "Winter Deaflympics 2023 Chess Tournamen"]
[Site "Erzurum"]
[Date "2024.03.07"]
[Round "1"]
[White "Lapaj, Mateusz"]
[Black "Cellucci, Alessandro"]
[Result "1/2-1/2"]
[WhiteElo "2217"]
[BlackElo "1890"]
[PlyCount "60"]
[EventDate "2024.??.??"]

1. e4 c5 2. Nc3 d6 3. Nge2 Nf6 4. d4 cxd4 5. Nxd4 a6 6. Bc4 e6 7. Bb3 Be7 8.
Be3 Qc7 9. Qe2 O-O 10. g4 Nc6 11. g5 Nxd4 12. Bxd4 Nd7 13. h4 Nc5 14. O-O-O
Nxb3+ 15. axb3 b5 16. f4 Bb7 17. g6 fxg6 18. Qg4 Bc8 19. e5 d5 20. h5 Bc5 21.
hxg6 h6 22. Ne2 Bd7 23. Ng3 Rac8 24. Rh2 Bxd4 25. Rxd4 Qa5 26. Kb1 Qe1+ 27. Ka2
Qa5+ 28. Kb1 Qe1+ 29. Ka2 Qa5+ 30. Kb1 Qe1+ 1/2-1/2

[Event "Winter Deaflympics 2023 Chess Tournamen"]
[Site "Erzurum"]
[Date "2024.03.07"]
[Round "1"]
[White "Caroli, Tommaso"]
[Black "Miozga, Tomasz"]
[Result "0-1"]
[WhiteElo "1848"]
[BlackElo "2126"]
[PlyCount "72"]
[EventDate "2024.??.??"]

1. d4 Nf6 2. Nf3 e6 3. e3 d5 4. Bd3 c5 5. b3 cxd4 6. exd4 Nc6 7. a3 Be7 8. Bb2
O-O 9. O-O b6 10. Nbd2 Bb7 11. Qe2 Rc8 12. Rad1 Qc7 13. Rfe1 Rfd8 14. Nf1 Bf8
15. Ng3 g6 16. h4 Bg7 17. h5 Ne7 18. hxg6 Nxg6 19. Bc1 Nf4 20. Bxf4 Qxf4 21.
Ne5 Rc7 22. Nh5 Nxh5 23. Qxh5 Qh6 24. Qxh6 Bxh6 25. Ng4 Bg7 26. Ne5 f6 27. Nf3
Rd6 28. Nh4 e5 29. Nf5 Re6 30. f3 Bf8 31. a4 Re8 32. Kh2 Kh8 33. c4 Rcc8 34.
Kg3 Bb4 35. Rh1 e4 36. fxe4 dxe4 0-1

[Event "Winter Deaflympics 2023 Chess Tournamen"]
[Site "Erzurum"]
[Date "2024.03.07"]
[Round "1"]
[White "Kasperczyk, Szymon"]
[Black "Biasiolo, Michele"]
[Result "1-0"]
[WhiteElo "1959"]
[BlackElo "1774"]
[PlyCount "107"]
[EventDate "2024.??.??"]

1. d4 b6 2. e4 e6 3. Bd3 Bb7 4. Ne2 Nf6 5. Nbc3 Bb4 6. O-O h6 7. a3 Bxc3 8.
Nxc3 O-O 9. e5 Nd5 10. Nxd5 Bxd5 11. Qg4 f5 12. exf6 Qxf6 13. Bd2 c5 14. dxc5
bxc5 15. c4 Bb7 16. Bc3 e5 17. f4 Qe6 18. Qxe6+ dxe6 19. Bxe5 Nd7 20. Bc3 Rad8
21. Bc2 Nf6 22. Rae1 Kf7 23. f5 Rfe8 24. fxe6+ Rxe6 25. Bg6+ Ke7 26. Rxe6+ Kxe6
27. Re1+ Kd6 28. Rd1+ Ke7 29. Re1+ Kf8 30. h3 Ba6 31. b3 Bb7 32. Re6 Ne8 33.
Bxe8 Rxe8 34. Bxg7+ Kf7 35. Rxe8 Kxe8 36. Bxh6 Ke7 37. Be3 Kd6 38. b4 cxb4 39.
axb4 a6 40. Bb6 Be4 41. Kf2 Ke5 42. b5 axb5 43. cxb5 Bd3 44. Bc7+ Kf5 45. b6
Ba6 46. g4+ Kg5 47. Kg3 Bb7 48. h4+ Kh6 49. Kf4 Kg6 50. Ke5 Bf3 51. Bd8 Bb7 52.
Kd6 Kf7 53. Kc7 Bf3 54. b7 1-0

[Event "Winter Deaflympics 2023 Chess Tournamen"]
[Site "Erzurum"]
[Date "2024.03.08"]
[Round "2.1"]
[White "FARKAS, Virag"]
[Black "Baklanova, Tatiana"]
[Result "1/2-1/2"]
[WhiteElo "2053"]
[BlackElo "2053"]
[PlyCount "60"]
[EventDate "2024.??.??"]

1. e4 e6 2. d4 d5 3. e5 c5 4. c3 Nc6 5. Nf3 Qb6 6. a3 Bd7 7. g3 Rc8 8. h4 cxd4
9. cxd4 Na5 10. Nbd2 Ne7 11. b4 Nc4 12. Bxc4 dxc4 13. Ne4 Nf5 14. Nc3 Bc6 15.
Be3 a6 16. O-O Be7 17. Nd2 Qd8 18. Qg4 h5 19. Qf4 b5 20. Rad1 Bd5 21. Nde4 O-O
22. Qf3 g6 23. Qf4 Kg7 24. Nc5 Ra8 25. Bc1 Rh8 26. N3e4 a5 27. Nc3 axb4 28.
axb4 Rb8 29. N3e4 Bc6 30. f3 Ra8 1/2-1/2

[Event "Winter Deaflympics 2023 Chess Tournamen"]
[Site "Erzurum"]
[Date "2024.03.08"]
[Round "2.1"]
[White "Myronenko, Natalya"]
[Black "Kajtar, Dora"]
[Result "1-0"]
[WhiteElo "1900"]
[BlackElo "1775"]
[PlyCount "65"]
[EventDate "2024.??.??"]

1. e4 b6 2. d4 Bb7 3. Bd3 e6 4. Nf3 Nf6 5. Nbd2 d5 6. e5 Ne4 7. O-O c5 8. c3
Be7 9. Re1 Nxd2 10. Bxd2 Nc6 11. Rc1 h6 12. Bb1 g5 13. h3 Qc7 14. c4 O-O-O 15.
cxd5 Rxd5 16. Be4 Rdd8 17. dxc5 bxc5 18. Qc2 Qb6 19. Be3 Nb4 20. Bxb7+ Kxb7 21.
Qc4 Nd3 22. Rc3 Ka8 23. Rxd3 Rxd3 24. Qxd3 Rd8 25. Qc2 h5 26. Bxg5 Bxg5 27.
Nxg5 Rg8 28. Nxf7 Qa5 29. Qe4+ Kb8 30. Nd6 Qb6 31. Re3 Kc7 32. Rb3 Qc6 33. Rb7+
1-0

[Event "Winter Deaflympics 2023 Chess Tournamen"]
[Site "Erzurum"]
[Date "2024.03.08"]
[Round "2.2"]
[White "Parhomenko, Anastasija"]
[Black "Osypova, Alona"]
[Result "0-1"]
[WhiteElo "1686"]
[BlackElo "1793"]
[PlyCount "64"]
[EventDate "2024.??.??"]

1. f4 d5 2. Nf3 g6 3. e3 c5 4. Bb5+ Bd7 5. Bxd7+ Nxd7 6. O-O Bg7 7. d3 Ngf6 8.
Nbd2 O-O 9. h3 b5 10. e4 dxe4 11. dxe4 Qb6 12. Re1 c4+ 13. Kh1 Rad8 14. Qe2 c3
15. Nf1 Nxe4 16. Qxe4 cxb2 17. Bxb2 Bxb2 18. Rab1 Bf6 19. f5 Qa5 20. N1h2 a6
21. fxg6 hxg6 22. Ng4 Bc3 23. Rf1 Nf6 24. Qxe7 Nxg4 25. hxg4 Qxa2 26. Qh4 Kg7
27. Qf2 Qc4 28. Rb3 Rh8+ 29. Kg1 a5 30. g5 a4 31. Rxc3 Qxc3 32. Qb6 a3 0-1

[Event "Winter Deaflympics 2023 Chess Tournamen"]
[Site "Erzurum"]
[Date "2024.03.08"]
[Round "2.2"]
[White "Lyanguzova, Alina"]
[Black "Parhomenko, Margarita"]
[Result "0-1"]
[WhiteElo "1775"]
[BlackElo "1970"]
[PlyCount "89"]
[EventDate "2024.??.??"]

1. d4 Nf6 2. c4 c5 3. d5 e6 4. Nc3 exd5 5. cxd5 d6 6. e4 g6 7. Bb5+ Bd7 8. a4
a6 9. Bd3 Bg7 10. h3 O-O 11. Nf3 Re8 12. O-O Bc8 13. Re1 Nbd7 14. Bf4 Qe7 15.
Qd2 Qf8 16. Rac1 h6 17. Qc2 g5 18. Bd2 g4 19. hxg4 Nxg4 20. Nh4 Nde5 21. f4 Qe7
22. Nf3 Nxf3+ 23. gxf3 Bd4+ 24. Kf1 Qh4 25. Be3 Nxe3+ 26. Rxe3 Bxe3 27. Re1
Bh3+ 28. Ke2 Qf2+ 29. Kd1 Qxf3+ 30. Be2 Qxf4 31. Qd3 Bg4 32. Kc2 Bd4 33. Rf1
Qg5 34. Bxg4 Qxg4 35. Rf3 Kh8 36. Rg3 Qf4 37. Rf3 Qe5 38. Rf5 Qh2+ 39. Ne2 Qg2
40. Rf3 Re7 41. Kb1 Bg7 42. Rg3 Qxe4 43. Qxe4 Rxe4 44. Rg2 Rae8 45. Ng3 0-1

[Event "Winter Deaflympics 2023 Chess Tournamen"]
[Site "Erzurum"]
[Date "2024.03.08"]
[Round "2.3"]
[White "Vuljanic, Ana"]
[Black "Lukasik, Zuzanna"]
[Result "1/2-1/2"]
[WhiteElo "1741"]
[BlackElo "1797"]
[PlyCount "246"]
[EventDate "2024.??.??"]

1. d4 d5 2. c4 e6 3. Nc3 Be7 4. Nf3 Nf6 5. Bg5 O-O 6. e3 h6 7. Bxf6 Bxf6 8. Rc1
b6 9. cxd5 exd5 10. Bd3 c6 11. Bb1 Re8 12. O-O Be6 13. Re1 Nd7 14. e4 Nf8 15.
exd5 Bxd5 16. Rxe8 Qxe8 17. Nxd5 cxd5 18. Qd3 Rc8 19. Re1 Qd7 20. g3 Rc7 21.
Ne5 Qc8 22. Kg2 Re7 23. Bc2 Qc7 24. f4 Re8 25. Bb3 Rd8 26. Qf3 Qd6 27. Rc1 Bxe5
28. dxe5 Qb4 29. Rd1 d4 30. f5 Qe7 31. Qe4 d3 32. e6 fxe6 33. fxe6 d2 34. Qe3
Kh8 35. Rxd2 Rxd2+ 36. Qxd2 Nxe6 37. Qd5 Nf4+ 38. gxf4 Qe2+ 39. Kg3 Qe3+ 40.
Kg4 Qe2+ 41. Kf5 Qh5+ 42. Ke4 Qe2+ 43. Kd4 Qxb2+ 44. Kd3 Qb1+ 45. Kc3 Qc1+ 46.
Kb4 Qxf4+ 47. Kb5 Qb8 48. h4 Qc8 49. h5 Qe8+ 50. Ka6 g6 51. Qd4+ Kh7 52. hxg6+
Kxg6 53. Bc2+ Kf7 54. Qf4+ Kg7 55. Qg4+ Kf6 56. Qd4+ Kf7 57. Qd5+ Kf6 58. Qd6+
Kg5 59. Qd2+ Kg4 60. Bd1+ Kg3 61. Qd6+ Kf2 62. Qd2+ Kg3 63. Kxa7 b5 64. Qd6+
Kg2 65. Bb3 h5 66. Qd5+ Kg3 67. Qg5+ Kf3 68. Bd1+ Kf2 69. Qh4+ Kg2 70. Qg5+ Kf1
71. Qxh5 Qd7+ 72. Kb6 Qe6+ 73. Kxb5 Qd7+ 74. Kb4 Qd2+ 75. Ka3 Qd6+ 76. Kb2 Qd4+
77. Kc2 Qc4+ 78. Kd2 Qd4+ 79. Kc1 Qa1+ 80. Kd2 Qd4+ 81. Kc2 Qc4+ 82. Kb2 Qb4+
83. Bb3 Qd4+ 84. Ka3 Qd6+ 85. Ka4 Qd4+ 86. Kb5 Qd7+ 87. Kb6 Qd6+ 88. Kb7 Qd7+
89. Ka8 Qc8+ 90. Ka7 Qc7+ 91. Ka6 Qc6+ 92. Ka5 Qc7+ 93. Ka4 Qf4+ 94. Kb5 Qb8+
95. Kc5 Qc7+ 96. Kd4 Qf4+ 97. Kd3 Qd6+ 98. Ke4 Qb4+ 99. Kf3 Qc3+ 100. Ke4 Qb4+
101. Kd3 Qd6+ 102. Qd5 Qg3+ 103. Kc2 Qf2+ 104. Kc3 Qe1+ 105. Qd2 Qe5+ 106. Kc2
Qc5+ 107. Kd1 Qh5+ 108. Kc1 Qc5+ 109. Kb2 Qe5+ 110. Qc3 Qe2+ 111. Kc1 Kg1 112.
Qg3+ Kf1 113. Qf4+ Kg1 114. Qd2 Qe7 115. Qd4+ Kg2 116. Bd5+ Kg3 117. Qg1+ Kf4
118. Qh2+ Kg4 119. Qg2+ Kf5 120. Qf3+ Kg5 121. Qe4 Qc5+ 122. Kb2 Qf2+ 123. Ka3
Qe2 1/2-1/2

[Event "Winter Deaflympics 2023 Chess Tournamen"]
[Site "Erzurum"]
[Date "2024.03.08"]
[Round "2.3"]
[White "Szewczyk, Malwina"]
[Black "Spilek, Kristina"]
[Result "1-0"]
[WhiteElo "1682"]
[BlackElo "1603"]
[PlyCount "65"]
[EventDate "2024.??.??"]

1. e4 e6 2. d3 d5 3. Nd2 dxe4 4. dxe4 Be7 5. Ngf3 c5 6. g3 Nc6 7. Bg2 e5 8. O-O
Be6 9. Qe2 Qc7 10. Nc4 Bxc4 11. Qxc4 Nf6 12. Be3 b6 13. c3 O-O 14. Rac1 Na5 15.
Qa4 Qc6 16. Qxc6 Nxc6 17. Nh4 g6 18. Bg5 Nh5 19. Bxe7 Nxe7 20. f4 f6 21. Bh3
Rad8 22. fxe5 fxe5 23. Nf3 Nc6 24. Be6+ Kg7 25. Bd5 Ne7 26. Ng5 Rxf1+ 27. Rxf1
Rd7 28. Rf7+ Kh6 29. h4 Ng7 30. g4 Rc7 31. Ne6 Nxe6 32. Bxe6 b5 33. g5+ 1-0

[Event "Winter Deaflympics 2023 Chess Tournamen"]
[Site "Erzurum"]
[Date "2024.03.08"]
[Round "2.4"]
[White "Capakli, Fatma"]
[Black "Kobiljonova, Jasmina"]
[Result "0-1"]
[WhiteElo "1607"]
[BlackElo "1741"]
[PlyCount "116"]
[EventDate "2024.??.??"]

1. e4 e5 2. d4 Nc6 3. Bb5 Nxd4 4. c3 Nxb5 5. Nf3 Bc5 6. Qd5 d6 7. Ng5 Qf6 8. f3
c6 9. Qc4 Be6 10. Nxe6 Qxe6 11. Qd3 Nf6 12. Nd2 O-O 13. c4 Nd4 14. Nb3 Nh5 15.
Be3 Nc2+ 16. Qxc2 Bxe3 17. Qd3 Nf4 18. Qf1 Rad8 19. h3 d5 20. Nc5 Bxc5 21.
O-O-O h6 22. g3 Ng6 23. Kb1 Ne7 24. Qe1 dxe4 25. Qxe4 Rxd1+ 26. Rxd1 Qg6 27. g4
Qxe4+ 28. fxe4 Ng6 29. a3 Nf4 30. h4 Ng2 31. h5 g6 32. Rh1 Ne3 33. hxg6 Nxg4
34. gxf7+ Rxf7 35. Rh5 Rf4 36. b4 Bd4 37. Kc2 Rxe4 38. Kd3 Rf4 39. a4 Kg7 40.
b5 Kg6 41. Rxh6+ Nxh6 42. a5 Nf5 43. Kc2 Rf3 44. Kd2 cxb5 45. cxb5 Ra3 46. a6
bxa6 47. bxa6 Rxa6 48. Kd3 Rc6 49. Ke4 Ne7 50. Kf3 a5 51. Ke4 a4 52. Kf3 a3 53.
Ke4 a2 54. Kf3 a1=Q 55. Ke4 Qa2 56. Kf3 Rc3+ 57. Kg4 Qg2+ 58. Kh4 Rh3# 0-1

[Event "Winter Deaflympics 2023 Chess Tournamen"]
[Site "Erzurum"]
[Date "2024.03.08"]
[Round "2.4"]
[White "Abdulmajidova, Iltifot"]
[Black "Uyanik, Ayse"]
[Result "1-0"]
[WhiteElo "1603"]
[BlackElo "1467"]
[PlyCount "57"]
[EventDate "2024.??.??"]

1. e4 e5 2. Nf3 Nc6 3. Bc4 f5 4. d4 Qe7 5. O-O Nf6 6. exf5 e4 7. Ng5 d5 8. Bb3
Bxf5 9. f3 O-O-O 10. fxe4 Nxe4 11. Rxf5 Nd6 12. Rxd5 h6 13. Qg4+ Kb8 14. Nf3
Re8 15. Nc3 a6 16. h3 g5 17. Ne5 Nxe5 18. Rxe5 Qf6 19. Rxe8+ Nxe8 20. Qd7 Bd6
21. Be3 Rf8 22. Be6 Ng7 23. Bg4 Rd8 24. Qa4 b5 25. Nxb5 Kb7 26. Nc3 Nf5 27.
Bf3+ c6 28. Qxc6+ Kb8 29. Qb7# 1-0

[Event "Winter Deaflympics 2023 Chess Tournamen"]
[Site "Erzurum"]
[Date "2024.03.08"]
[Round "2"]
[White "Pavicevic, Jovan R"]
[Black "Klaric, Zlatko"]
[Result "1/2-1/2"]
[WhiteElo "2112"]
[BlackElo "2340"]
[PlyCount "60"]
[EventDate "2024.??.??"]

1. e4 a6 2. d4 b5 3. Bd3 Bb7 4. Ne2 Nf6 5. e5 Nd5 6. c3 d6 7. e6 fxe6 8. Nd2 e5
9. O-O Nf6 10. dxe5 dxe5 11. Qc2 Qd5 12. f3 e6 13. Be4 Qc5+ 14. Kh1 Bd5 15. a4
b4 16. Ng3 Nc6 17. c4 Nd4 18. Qd3 Bc6 19. Nb3 Nxb3 20. Bxc6+ Qxc6 21. Qxb3 Bc5
22. Re1 O-O 23. Rxe5 Bd4 24. Re2 a5 25. Bg5 h6 26. Bxf6 Rxf6 27. Rae1 e5 28.
Rd1 Kh8 29. Qc2 Qb6 30. b3 c5 1/2-1/2

[Event "Winter Deaflympics 2023 Chess Tournamen"]
[Site "Erzurum"]
[Date "2024.03.08"]
[Round "2"]
[White "Vujakovic, Branko"]
[Black "Zivic, Dragan"]
[Result "1/2-1/2"]
[WhiteElo "2232"]
[BlackElo "2150"]
[PlyCount "60"]
[EventDate "2024.??.??"]

1. e4 c5 2. Nf3 e6 3. d4 cxd4 4. Nxd4 a6 5. Nc3 Qc7 6. Qf3 Nc6 7. Nxc6 dxc6 8.
Qg3 Qxg3 9. hxg3 e5 10. a4 Be6 11. a5 Nf6 12. f3 Nd7 13. Bd2 Be7 14. g4 f6 15.
Na4 O-O 16. Bd3 Nc5 17. Nxc5 Bxc5 18. Ke2 Rfd8 19. Be3 Bxe3 20. Kxe3 Rd4 21.
Rhd1 Rad8 22. c3 R4d6 23. Bc2 Kf7 24. Rxd6 Rxd6 25. Rd1 Ke7 26. b4 Rxd1 27.
Bxd1 Kd6 28. Be2 h6 29. Bd3 Bf7 30. Be2 Be6 1/2-1/2

[Event "Winter Deaflympics 2023 Chess Tournamen"]
[Site "Erzurum"]
[Date "2024.03.08"]
[Round "2"]
[White "Moldovanovic, Dragan"]
[Black "Bozinovic, Bogdan"]
[Result "0-1"]
[WhiteElo "1987"]
[BlackElo "2129"]
[PlyCount "72"]
[EventDate "2024.??.??"]

1. Nf3 c5 2. c4 Nf6 3. Nc3 d5 4. cxd5 Nxd5 5. e4 Nb4 6. d3 e6 7. Be2 Be7 8. O-O
N4c6 9. Bf4 O-O 10. Rc1 b6 11. a4 Bb7 12. Nb5 a6 13. Na3 Na5 14. b3 Nbc6 15.
Qc2 f6 16. e5 fxe5 17. Bxe5 Rxf3 18. Bxf3 Nxe5 19. Bxb7 Nxb7 20. Rcd1 Nc6 21.
Rfe1 Nba5 22. Nc4 Nd4 23. Qd2 Naxb3 24. Qf4 b5 25. Nb2 Qd6 26. Qg4 Bf6 27. h4
Rd8 28. h5 Nf5 29. Re2 Nbd4 30. Re4 Nh6 31. Qh3 Nf7 32. Qg4 Ng5 33. Ree1 Qd5
34. Re3 Qb3 35. Rd2 Qb4 36. Qd1 c4 0-1

[Event "Winter Deaflympics 2023 Chess Tournamen"]
[Site "Erzurum"]
[Date "2024.03.08"]
[Round "2"]
[White "Vujcic, Toni"]
[Black "Tapai, Djerdj"]
[Result "1-0"]
[WhiteElo "2123"]
[BlackElo "1947"]
[PlyCount "45"]
[EventDate "2024.??.??"]

1. d4 e6 2. c4 d5 3. Nc3 Nf6 4. Nf3 c6 5. Bg5 Be7 6. e3 O-O 7. Bd3 h6 8. Bh4
Nbd7 9. O-O Re8 10. Rc1 dxc4 11. Bxc4 Nb6 12. Bd3 Nbd5 13. Bb1 Nxc3 14. bxc3
Qa5 15. Ne5 Nd7 16. Bxe7 Rxe7 17. f4 Nf8 18. Qd3 f5 19. e4 g6 20. Qh3 Kh7 21.
g4 Rg7 22. Rf3 Nd7 23. Qxh6+ 1-0

[Event "Winter Deaflympics 2023 Chess Tournamen"]
[Site "Erzurum"]
[Date "2024.03.08"]
[Round "2"]
[White "Piekielny, Pawel"]
[Black "Preisner, Peter"]
[Result "1-0"]
[WhiteElo "2255"]
[BlackElo "1779"]
[PlyCount "91"]
[EventDate "2024.??.??"]

1. e4 e5 2. Nf3 Nc6 3. Bb5 a6 4. Ba4 Nf6 5. O-O Be7 6. Re1 b5 7. Bb3 O-O 8. c3
d5 9. d4 dxe4 10. Nxe5 Nxe5 11. dxe5 Qxd1 12. Bxd1 Nd7 13. Rxe4 Nc5 14. Rd4 Ne6
15. Rd2 Bg5 16. Rc2 Bxc1 17. Rxc1 Nf4 18. Bf3 Be6 19. Nd2 Rad8 20. Nb3 Bd5 21.
Re1 Bxf3 22. gxf3 Nd3 23. Re2 c5 24. Rd1 c4 25. Na5 Rde8 26. Kf1 Rxe5 27. Rxe5
Nxe5 28. Rd6 Ra8 29. Kg2 g5 30. Nb7 Nd3 31. b4 Nf4+ 32. Kf1 Nd3 33. Ke2 Nf4+
34. Kd2 Nd3 35. Rd8+ Rxd8 36. Nxd8 Ne5 37. Ke3 Kf8 38. Nb7 Nc6 39. Ke4 Ke7 40.
Kd5 Nb8 41. Kc5 Nd7+ 42. Kd5 Nb8 43. Nc5 h6 44. a4 Nd7 45. axb5 axb5 46. Nxd7
1-0

[Event "Winter Deaflympics 2023 Chess Tournamen"]
[Site "Erzurum"]
[Date "2024.03.08"]
[Round "2"]
[White "Kevorkov, Artur"]
[Black "Lapaj, Mateusz"]
[Result "1-0"]
[WhiteElo "2127"]
[BlackElo "2217"]
[PlyCount "49"]
[EventDate "2024.??.??"]

1. e4 c5 2. Nc3 Nc6 3. d3 g6 4. g3 Bg7 5. Bg2 e6 6. f4 d6 7. Nf3 Nge7 8. O-O
O-O 9. Ne2 f5 10. c3 Qb6 11. Kh1 e5 12. Qc2 fxe4 13. dxe4 Bg4 14. h3 Bxf3 15.
Bxf3 Rad8 16. Qd3 Kh8 17. Rb1 exf4 18. gxf4 g5 19. Bg2 Ng6 20. f5 Nge5 21. Qg3
Qa6 22. Bxg5 Qxe2 23. f6 Rde8 24. fxg7+ Kxg7 25. Bf6+ 1-0

[Event "Winter Deaflympics 2023 Chess Tournamen"]
[Site "Erzurum"]
[Date "2024.03.08"]
[Round "2"]
[White "Miozga, Tomasz"]
[Black "Koessler, Wolfgang"]
[Result "1-0"]
[WhiteElo "2126"]
[BlackElo "1872"]
[PlyCount "69"]
[EventDate "2024.??.??"]

1. d4 Nf6 2. Nf3 e6 3. Bf4 d5 4. e3 Bd6 5. Bg3 O-O 6. Bd3 Re8 7. Ne5 Qe7 8. Nd2
Nfd7 9. Qh5 g6 10. Qf3 Nc6 11. Nxd7 Bxd7 12. O-O Nb4 13. e4 Nxd3 14. Qxd3 dxe4
15. Nxe4 Bc6 16. Nxd6 cxd6 17. c4 Rad8 18. Rfe1 Qg5 19. Rad1 h5 20. Qe3 Qf6 21.
c5 dxc5 22. Be5 Qf5 23. dxc5 f6 24. Bd6 Bd5 25. Qd3 Qg5 26. Qg3 Qf5 27. Rd4 g5
28. h4 Kh7 29. hxg5 fxg5 30. Re5 Qb1+ 31. Kh2 Rg8 32. Rxg5 Rxg5 33. Qxg5 Qg6
34. Rxd5 exd5 35. Qxd8 1-0

[Event "Winter Deaflympics 2023 Chess Tournamen"]
[Site "Erzurum"]
[Date "2024.03.08"]
[Round "2"]
[White "Ghadimi, Mohammed Reza"]
[Black "Szalko, Maciej"]
[Result "1/2-1/2"]
[WhiteElo "2132"]
[BlackElo "1948"]
[PlyCount "139"]
[EventDate "2024.??.??"]

1. d4 Nf6 2. Bf4 d5 3. e3 g6 4. Be2 Bg7 5. Nf3 c5 6. O-O cxd4 7. Nxd4 O-O 8.
Nd2 a6 9. c4 Nbd7 10. Bg3 dxc4 11. Nxc4 Ne4 12. Bh4 Ndf6 13. f3 Nc5 14. Qc2 Ne6
15. Nb3 b5 16. Rfd1 Qc7 17. Bg3 Qa7 18. Nca5 Qxe3+ 19. Bf2 Qg5 20. h4 Qe5 21.
Nc6 Qc7 22. Rac1 Bh6 23. Ra1 Bb7 24. Ncd4 Qxc2 25. Nxc2 Rac8 26. Ne1 Nd5 27.
Na5 Ba8 28. a4 bxa4 29. Bxa6 Rb8 30. Nd3 Nef4 31. Nxf4 Nxf4 32. Rdb1 Bg7 33.
Rxa4 Nd5 34. Bd4 e5 35. Ba7 Rb4 36. Rxb4 Nxb4 37. Bb7 Bxb7 38. Nxb7 Ra8 39. Bc5
Nd3 40. b4 Rb8 41. Rd1 Nf4 42. Rd7 Ne6 43. Bd6 Ra8 44. Nc5 Bf8 45. Nxe6 Bxd6
46. Rxd6 fxe6 47. b5 Rb8 48. b6 Kf7 49. Rc6 h5 50. Rc7+ Kf6 51. b7 g5 52. hxg5+
Kxg5 53. Kf2 e4 54. fxe4 Kf4 55. Re7 e5 56. Rf7+ Kxe4 57. Ke2 Rg8 58. g3 Rb8
59. Rd7 Rf8 60. Rc7 Rb8 61. Kf2 Kd4 62. Kf3 Rf8+ 63. Kg2 Rb8 64. Kh3 e4 65. Kg2
Ke3 66. Rc3+ Kd2 67. Rc7 Ke2 68. Kg1 Kf3 69. Rc3+ e3 70. Rc7 1/2-1/2